|
|
|
|
| LEADER |
00725nta a2200193 i 4500 |
| 001 |
dokt70 |
| 005 |
20190619160713.0 |
| 008 |
100511s2003 hu om 0|| hun d |
| 024 |
7 |
|
|a 2855086
|2 mtmt
|
| 040 |
|
|
|a SZTE Doktori Repozitórium
|b hun
|
| 041 |
|
|
|a hun
|
| 100 |
1 |
|
|a Ferwagner Péter Ákos
|
| 245 |
1 |
0 |
|a Francia politikai pártok a gyarmati Algériában 1945-1954
|h [elektronikus dokumentum] /
|c Ferwagner Péter Ákos
|
| 260 |
|
|
|c 2003
|
| 502 |
|
|
|a Disszertacio
|
| 650 |
|
4 |
|a történelemtudományok
|
| 700 |
2 |
|
|a J. Nagy László
|e ths
|
| 856 |
4 |
0 |
|u https://doktori.bibl.u-szeged.hu/id/eprint/70/1/de_1237.pdf
|z Dokumentum-elérés
|
| 856 |
4 |
0 |
|u https://doktori.bibl.u-szeged.hu/id/eprint/70/2/tz_eredeti1237.pdf
|z Dokumentum-elérés
|